书目信息 |
| 题名: |
现代教育技术技能教程
|
|
| 作者: | 朱云东 , 罗滨 主编 | |
| 分册: | ||
| 出版信息: | 北京 中国铁道出版社 2017 |
|
| 页数: | 240页 | |
| 开本: | 26cm | |
| 丛书名: | 全国高等师范类院校教育规划教材 | |
| 单 册: | ||
| 中图分类: | G40-057 | |
| 科图分类: | ||
| 主题词: | 教育技术学--Jiao Yu Ji Shu Xue--师范大学--教材 | |
| 电子资源: | ||
| ISBN: | 978-7-113-13998-8 | |
| 000 | 01118nam 2200301 45 | |
| 001 | 012001004778 | |
| 005 | 20191204084742.01 | |
| 010 | @a978-7-113-13998-8@dCNY30.00 | |
| 099 | @aCAL 012012297481 | |
| 100 | @a20121221d2012 emky0chiy50 ea | |
| 101 | 0 | @achi |
| 102 | @aCN@b110000 | |
| 105 | @aa a 000yy | |
| 106 | @ar | |
| 200 | 1 | @a现代教育技术技能教程@Axian dai jiao yu ji shu ji neng jiao cheng@f主编朱云东,罗滨 |
| 205 | @a第3版 | |
| 210 | @a北京@c中国铁道出版社@d2017 | |
| 215 | @a240页@c图@d26cm | |
| 225 | 2 | @a全国高等师范类院校教育规划教材@AQuan Guo Gao Deng Shi Fan Lei Yuan Xiao Jiao Yu Gui Hua Jiao Cai |
| 320 | @a有书目 | |
| 330 | @a本书介绍了教育技术的基本理论及教学环境;图像、音频、视频和动画4种常用的教学资源的利用与开发、多媒体课件和多媒体教学的相关知识、网络教学应用等内容。 | |
| 410 | 0 | @12001@@a全国高等师范类院校教育规划教材 |
| 606 | 0 | @a教育技术学@AJiao Yu Ji Shu Xue@x师范大学@j教材 |
| 690 | @aG40-057@v5 | |
| 701 | 0 | @a朱云东@Azhu yun dong,@f1962-@4主编 |
| 701 | 0 | @a罗滨@Aluo bin@4主编 |
| 801 | 0 | @aCN@b江苏凤凰@c20191020 |
| 905 | @b1239347-9@dG40-057@e1069=3@f3 | |
| 现代教育技术技能教程/主编朱云东,罗滨.-第3版.-北京:中国铁道出版社,2017 |
| 240页:图;26cm.-(全国高等师范类院校教育规划教材) |
| ISBN 978-7-113-13998-8:CNY30.00 |
| 本书介绍了教育技术的基本理论及教学环境;图像、音频、视频和动画4种常用的教学资源的利用与开发、多媒体课件和多媒体教学的相关知识、网络教学应用等内容。 |
| ● |
| 相关链接 |
|
|
|
|
正题名:现代教育技术技能教程
索取号:G40-057/1069=3
 
预约/预借
| 序号 | 登录号 | 条形码 | 馆藏地/架位号 | 状态 | 备注 |
| 1 | 1239347 | 212393471 | 第一样本阅览室/ [索取号:G40-057/1069=3] | 在馆 | |
| 2 | 1239348 | 212393480 | 教育系资料室/ [索取号:G40-057/1069=3] | 在馆 | |
| 3 | 1239349 | 212393499 | 第四借阅区/ [索取号:G40-057/1069=3] | 在馆 |